Consideraciones intempestivas: David Strauss, el confesor y el escritor y Fragmentos póstumos
Saved in:
| Hovedforfatter: | |
|---|---|
| Format: | Bog |
| Sprog: | spansk |
| Udgivet: |
Madrid
Alianza
1988
|
| Udgivelse: | 1a. ed |
| Serier: | Clásicos, 1342
|
| Fag: | |
| Tags: |
Tilføj Tag
Ingen Tags, Vær først til at tagge denne postø!
|
MARC
| LEADER | 00000cam a2200000 a 4500 | ||
|---|---|---|---|
| 001 | UCE8024 | ||
| 003 | CL-VaPUC | ||
| 008 | 150728e19880000sp |||||||||||||||||spa|d | ||
| 020 | |a 8420603422t.1 | ||
| 082 | 0 | 4 | |a 193 |b NIE |2 21 |
| 100 | |a Nietzsche, Friedrich |q (Friedrich Wilhelm) |e autor |9 880463 | ||
| 245 | 1 | 0 | |a Consideraciones intempestivas: David Strauss, el confesor y el escritor y Fragmentos póstumos |
| 250 | |a 1a. ed | ||
| 300 | |a t | ||
| 942 | |c BK | ||
| 945 | |d 20150728 02:04:00 |a dcastane | ||
| 260 | |a Madrid |b Alianza |c 1988 | ||
| 650 | 0 | |a Filosofía alemana |9 265002 | |
| 650 | 7 | |a FILOSOFOS ALEMANES |2 CL-VaPUC |9 580707 | |
| 583 | |a last modification |c 20150728 02:04:00 |k Rodrigo Vera | ||
| 490 | 0 | |a Clásicos, 1342 | |
| 999 | |c 359980 |d 359978 | ||
| 952 | |0 0 |1 0 |3 erb |4 0 |6 193_000000000000000_NIE_1988 |7 0 |8 A |9 469603 |a BIBEDU |b BIBEDU |e Villagrán Garnham, Jorge |h t.1 |i 5186676 |l 1 |o 193 NIE 1988 |p 5186676 |r 2024-11-27 |s 2024-11-18 |w 2019-11-23 |y BK |z Catalogado en:20150728 |k FIL | ||